Writing the short film
Αποθηκεύτηκε σε:
| Κύριος συγγραφέας: | |
|---|---|
| Άλλοι συγγραφείς: | |
| Μορφή: | Βιβλίο |
| Γλώσσα: | English |
| Δημοσίευση: |
Boston :
Focal Press,
c2000
|
| Έκδοση: | 2nd ed. |
| Θέματα: | |
| Ετικέτες: |
Προσθήκη ετικέτας
Δεν υπάρχουν, Καταχωρήστε ετικέτα πρώτοι!
|
MARC
| LEADER | 00000nam a2200000 i 4500 | ||
|---|---|---|---|
| 001 | 1/73394 | ||
| 008 | 050315s2000 eng d | ||
| 020 | |a 0-240-80369-8 | ||
| 035 | |l 10077083 | ||
| 040 | |a GR-MY-UA |b gre |e aacr | ||
| 041 | 0 | |a eng | |
| 082 | 0 | |a 808.23 |2 (21) | |
| 100 | 1 | |a Cooper, Patricia. | |
| 245 | 1 | 0 | |a Writing the short film / |c Pat Cooper and Ken Dancyger |
| 250 | |a 2nd ed. | ||
| 260 | |a Boston : |b Focal Press, |c c2000 | ||
| 300 | |a ix, 308 σ.; |c 24 εκ. | ||
| 504 | |a Περιέχει βιβλιογραφικές παραπομπές και ευρετήριο | ||
| 650 | 0 | 0 | |a Short films |x Authorship. |
| 700 | 1 | |a Dancyger, Ken. | |
| 852 | |a INST |b LESVOS |e 20050315 |h 808.23 COO |p 005100030079 |q 005100030079 |t BK |y 0 | ||
| 901 | |a BIBL1-2005-1 | ||
| 909 | |a Λ |b 113796 | ||
| 920 | |a ΔΙΕΥΡΥΝΣΗ |b ΕΠΕΑΕΚ-ΠΤΕ |y ΛΕΣΒΟΣ |z 2004-10 | ||
| 970 | |a ΜΑΡΙΝΑΤΟΥ |b ΜΥΡΣΙΝΗ |z 2005/03/15 | ||